000 00515nam a2200217Ia 4500
003 OSt
005 20220928140729.0
006 a|||||r|||| 00| 0
007 ta
008 220927b |||||||| |||| 00| 0 eng d
024 _a11401
037 _cTextual
040 _aSDCL
_cSDCL
_beng
041 _2eng
_aeng
082 _aVv, M1
100 _aButterfield Herbert
245 0 _aOrigins of history
260 _c1981
942 _hVv, M1
_cTEXL
_2CC
999 _c813831
_d813831